000 00687nam a2200229 i 4500
001 C2-0253941
003 PPAK
005 20180727221412.0
008 040414s1977 xxu |||| ||||| | eng d
040 _aPPAK
_beng
_cPPAK
_erda
082 0 4 _a297.2
_223
090 0 0 _a297.2
_bSHE
_dKSA
100 1 _aSheikh Idris, Gaafar,
_eauthor
245 1 4 _aThe process of Islamization
264 1 _a[United States] :
_bThe Muslim Student's Association of the United States and Canada ,
_c1977
300 _avi, 24 pages ;
_c22 cm
336 _2rdacontent
_atext
337 _2rdamedia
_aunmediated
338 _2rdacarrier
_avolume
650 1 0 _aIslam - Essence, genius, nature
942 _ddc
_cB
999 _c66722
_d66722